LaLiga 2025/26 First XI - Statistics

General Stats
  • This quiz has been taken 388 times
  • The average score is 83 of 220
Answer Stats
Club Position Nationality Player % Correct
Real Madrid FW Kylian Mbappé
99%
Real Madrid LW Vinicius Júnior
98%
Real Madrid LM Arda Güler
96%
Real Madrid RW Brahim Díaz
95%
Real Madrid RM Federico Valverde
94%
Real Madrid GK Thibaut Courtois
94%
Real Madrid RB Trent Alexander-Arnold
92%
Real Madrid CB Éder Militão
91%
Real Madrid CM Aurélien Tchouaméni
89%
Barcelona GK Joan García
85%
Barcelona RW Lamine Yamal
84%
Barcelona RB Eric García
83%
Real Madrid CB Dean Huijsen
81%
Barcelona FW Ferrán Torres
81%
Barcelona DM Pedri
81%
Barcelona CB Ronald Araújo
81%
Barcelona DM Frenkie de Jong
80%
Barcelona LW Raphinha
79%
Real Madrid LB Álvaro Carreras
78%
Atlético Madrid FW Julián Álvarez
78%
Osasuna AM Rubén García
78%
Barcelona LB Alejandro Balde
77%
Rayo Vallecano LW Álvaro García
77%
Valencia CM José Luis García Vayá
77%
Barcelona CB Pau Cubarsí
77%
Atlético Madrid GK Jan Oblak
76%
Levante RM Víctor García
74%
Barcelona AM Fermin López
71%
Mallorca AM Pablo Torre
71%
Athletic Bilbao LW Nico Williams
70%
Atlético Madrid RW Giuliano Simeone
69%
Athletic Bilbao RW Iñaki Williams
69%
Real Sociedad RW Takefusa Kubo
69%
Osasuna FW Ante Budimir
68%
Athletic Bilbao GK Unai Simón
66%
Atlético Madrid DM Conor Gallagher
65%
Atlético Madrid RB Marcos Llorente
63%
Real Betis GK Pau López
63%
Rayo Vallecano AM Pedro Díaz
63%
Valencia LM Diego López
62%
Atlético Madrid CB Dávid Hancko
61%
Rayo Vallecano DM Unai López
61%
Celta de Vigo RW Iago Aspas
60%
Real Sociedad FW Mikel Oyarzabal
60%
Real Betis LB Ricardo Rodríguez
60%
Girona CB David López
59%
Mallorca FW Vedat Muriqi
58%
Elche FW Álvaro Rodríguez
57%
Real Betis FW Cucho
57%
Celta de Vigo CB Javi Rodríguez
57%
Atlético Madrid CB Robin Le Normand
55%
Villarreal RM Nicolas Pépé
54%
Getafe CM Mario Martín
53%
Atlético Madrid DM Johnny Cardoso
52%
Real Sociedad GK Álex Remiro
51%
Atlético Madrid LB Matteo Ruggeri
51%
Athletic Bilbao CB Daniel Vivian
49%
Osasuna GK Sergio Herrera
49%
Sevilla RM Dodi Lukebakio
48%
Real Betis AM Giovani Lo Celso
48%
Girona RM Yangel Herrera
48%
Atlético Madrid AM Alex Baena
47%
Girona RB Arnau Martinez
46%
Getafe CB Djené
46%
Girona GK Paulo Gazzaniga
46%
Villarreal CB Juan Foyth
45%
Alavés FW Toni Martínez
45%
Real Betis CB Natan
43%
Sevilla GK Ørjan Nyland
43%
Levante CM Pablo Martínez
43%
Sevilla CM Djibril Sow
42%
Sevilla DM Nemanja Gudelj
42%
Villarreal CM Pape Gueye
42%
Espanyol FW Roberto Férnandez
42%
Girona LB Daley Blind
41%
Villarreal GK Luiz Lúcio Reis Júnior
41%
Atlético Madrid LW Thiago Almada
41%
Getafe FW Christantus Uche
40%
Getafe GK David Soria
40%
Villarreal FW Gerard Moreno
40%
Espanyol GK Marko Dmitrović
40%
Valencia FW Hugo Duro
39%
Rayo Vallecano RW Isaac Palazón Camacho
39%
Rayo Vallecano RB Andrei Ratiu
38%
Getafe CB Iglesias
38%
Celta de Vigo GK Ionuț Radu
37%
Mallorca LB Johan Mojica
37%
Sevilla RB Juanlu Sánchez
37%
Real Sociedad CB Duje Ćaleta-Car
36%
Espanyol LW Javi Puado
36%
Levante LB Manu Sánchez
36%
Real Betis CB Marc Bartra
36%
Celta de Vigo CM Ilaix Moriba
35%
Valencia LB José Luis Gayà
35%
Getafe CM Mauro Arambarri
35%
Sevilla FW Akor Adams
34%
Mallorca RB Antonio Sánchez
34%
Getafe CM Luis Milla
34%
Real Oviedo FW Salomón Rondón
34%
Villarreal FW Karl Etta
33%
Celta de Vigo RM Óscar Mingueza
33%
Mallorca RW Takuma Asano
33%
Athletic Bilbao LB Yuri Berchiche
33%
Athletic Bilbao CB Aitor Paredes
32%
Real Sociedad LW Ander Barrenetxea
32%
Real Betis RB Héctor Bellerín
32%
Girona CB Ladislav Krejčí
32%
Athletic Bilbao FW Maroan Sannadi
32%
Espanyol RB Omar El Hilali
32%
Real Betis DM Pablo Fornals
32%
Osasuna AM Aimar Oroz
31%
Athletic Bilbao AM Álex Berenguer
31%
Real Sociedad AM Brais Méndez
31%
Espanyol LB Carlos Romero
31%
Real Sociedad RB Jon Aramburu
31%
Espanyol CB Leandro Cabrera
31%
Rayo Vallecano GK Augusto Batalla
30%
Osasuna CB Enzo Boyomo
30%
Levante FW Iván Romero
30%
Celta de Vigo LW Williot Swedberg
30%
Real Sociedad LB Aihen Muñoz
28%
Rayo Vallecano DM Pathé Ciss
28%
Girona LW Yaser Asprilla
28%
Valencia RB Dimitri Foulquier
27%
Rayo Vallecano CB Florian Lejeune
27%
Athletic Bilbao DM Iñigo Ruiz de Galarreta
27%
Osasuna WB Valentin Rosier
27%
Real Oviedo GK Aarón Escandell
26%
Osasuna CB Catena
26%
Real Sociedad CB Igor Zubeldia
26%
Valencia CM Javier Guerra
26%
Rayo Vallecano FW Jorge de Frutos
26%
Valencia GK Julen Agirrezabala
26%
Mallorca GK Leo Román
26%
Athletic Bilbao DM Mikel Jauregizar
26%
Real Betis LW Rodrigo Riquelme
26%
Villarreal RB Santiago Mouriño
26%
Alavés GK Antonio Sivera
25%
Elche CB David Affengruber
25%
Athletic Bilbao RB Jesús Areso
25%
Celta de Vigo CB Marcos Alonso
25%
Real Betis RW Aitor Ruibal
24%
Real Oviedo RW Haissem Hassan
24%
Osasuna CM Jon Moncayola
24%
Elche GK Matías Dituro
24%
Sevilla LB Carmona
23%
Valencia CB César Tárrega
23%
Mallorca CB Martin Valjent
23%
Villarreal CB Rafa Marín
23%
Villarreal CM Santi Comesaña
23%
Real Betis DM Sergi Altimira
23%
Villarreal LM Yeremi Pino
23%
Mallorca CB Antonio Raillo
22%
Sevilla CM Lucien Agoume
22%
Real Sociedad DM Pablo Marín
22%
Villarreal LB Sergi Cardona
22%
Alavés RM Carlos Vicente
21%
Sevilla CB Kike Salas
21%
Rayo Vallecano CB Luiz Felipe
21%
Elche RM Aleix Febas
20%
Alavés DM Antonio Blanco
20%
Espanyol DM Edu Expósito
20%
Alavés CB Facundo Garcés
20%
Celta de Vigo FW Ferran Jutglà
20%
Girona LB Joel Roca
20%
Alavés CB Nahuel Tenaglia
20%
Mallorca LW Sergi Darder
20%
Getafe CB Diego Rico
19%
Levante RB Jeremy Toljan
19%
Girona CM Jhon Solis
19%
Getafe FW Adrián Liso
18%
Osasuna CM Lucas Torró
18%
Valencia RM Luis Rioja
18%
Real Sociedad DM Beñat Turrientes
17%
Girona FW Bojan Miovski
17%
Valencia CB Copete
17%
Espanyol CB Fernando Calero
17%
Osasuna CB Juan Cruz Armada
17%
Elche RB Núñez
17%
Elche CB Pedro Bigas
17%
Rayo Vallecano LB Pep Chavarría
17%
Espanyol DM Pol Lozano
17%
Alavés LM Carles Aleñá
16%
Alavés CM Jon Guridi
16%
Celta de Vigo CM Fran Beltrán
15%
Real Oviedo CM Kwasi Sibo
15%
Celta de Vigo LM Mihailo Ristić
15%
Getafe LB Davinchi
14%
Elche RW Germán Valera
14%
Mallorca DM Manu Morlanes
14%
Real Oviedo RB Nacho Vidal
14%
Real Oviedo CM Ilyas Chaira
13%
Real Oviedo CM Luka Ilić
13%
Elche CM Marc Aguado
12%
Mallorca RB Mateu Morey
12%
Elche LW Rodrigo Mendoza
12%
Sevilla LM Stanis Idumbo
12%
Levante CB Unai Elgezabal
12%
Levante CB Adrián de la Fuente
11%
Real Oviedo DM Alberto Reina
11%
Real Oviedo CB Dani Calvo
11%
Valencia FW Dani Raba
11%
Alavés CM Pablo Ibáñez
11%
Celta de Vigo CB Yoel Lago
11%
Sevilla CB Castrin
10%
Espanyol RW Jofre
10%
Elche LB Léo Pétrot
10%
Levante CM Oriol Rey
10%
Girona CM Viktor Tsyhankov
10%
Getafe RB Ismael Bekhoucha
9%
Levante GK Pablo Cuñat
9%
Espanyol AM Ramón Terrats
9%
Alavés LB Victor Parada
9%
Osasuna WB Abel
8%
Elche LM Ali Houary
5%
Levante LM Brugui
5%
Real Oviedo CB Oier Luengo
5%
Levante CB Jorge Cabello
4%
Alavés RB Jonny Castro
3%
Real Oviedo LB Rahim Bonkano
1%
No matching quizzes found
Score Distribution
Percent of People with Each Score
Percentile by Number Answered
Your Score History
You have not taken this quiz